000 00748nam a2200253Ia 4500
003 OSt
005 20220925203705.0
006 a|||||r|||| 00| 0
007 ta
008 220923b |||||||| |||| 00| 0 eng d
037 _cGeneral Book
040 _aRTL
_cRTL
_beng
041 _2eng
_aeng
082 _aY, K9
100 _aKramer Ralph M
_9266793
245 0 _aReadings in community organization practice
260 _aEnglewood
_bCliffs New Jersey Prentice Hall
_c1969
300 _axiv, 458p
_ccm.
500 _aBibliography at the end of each chapter
650 _aEssays Sociology
700 _a Specht Harry Ed.
_9266794
942 _hY, K9
_cGB
_2CC
999 _c547418
_d547418